Statistics for Squid Game Characters

Click here to take the quiz!

General Stats

  • This quiz has been taken 136 times
  • The average score is 11 of 20

Answer Stats

HintAnswer% Correct
Oldest player in the game001
97%
Main character456
97%
Childhood best friend of the main character218
89%
North Korean defector067
86%
Despises the character above and leads the strongest group in the game101
80%
Pakistani immigrant199
77%
Had 1 million dollars bet on them by a VIP069
71%
Desperate woman who is the odd one out before the fourth game212
70%
Killed their father240
54%
Former doctor111
47%
Wife of the character above070
42%
Player who goes first in the fifth game096
42%
First player eliminated324
42%
Second player eliminated250
41%
Glass maker017
37%
Very religious character244
23%
Screams after second player gets eliminated306
22%
Cop's brother; winner of the games in 2015132
19%
Plays against character above in the fourth game278
15%
Winner of the games in 1988174
11%

Score Distribution

Percentile by Number Answered

Percent of People with Each Score

Your Score History

You have not taken this quiz